000 03164cam a22011534i 4500
003 PE-LiUPU
005 20250813185716.0
008 241205b |||||||| |||| 00| 0 spa d
020 _a9789587923681
040 _aPE-LiUPU
_bspa
_cPE-LiUPU
_erda
_dPE-LiUPU
049 _aPRUA
082 0 4 _a363.25
_bM843a
_223
100 1 _aMoreno Mahecha, Luz Eneida,
_eautora.
_94766
245 1 0 _aAuditoría forense, una guía práctica para la excelencia en la ciencia, auditoría e informática forense /
_cLuz Eneida Moreno Mahecha.
250 _aPrimera edición.
264 1 _aBogotá :
_bEdiciones de la U,
_c2022.
300 _a264 páginas ;
_c24 centímetros.
336 _atext
_2rdacontent
337 _aunmediated
_2rdamedia
338 _avolume
_2rdacarrier
505 _uHistoria de la auditoría forense y su aplicación -- Etapas de la auditoría forense -- Auditoría forense: Fraude y criminología -- Auditoría forense: psicología del defraudador -- Fraude corporativo - Crimen de cuello blanco -- Contabilidad forense investigativa -- Auditoría forense y cibercrimen -- Auditoría forense apoyada en la informática forense -- Auditoría forense en la prevención y detección del lavado de activos y financiación del terrorismo -- Evidencia en auditoría forense -- Cadena de custodia y sus aspectos legales -- Informes de auditoría forense investigativa.
526 _aP202
526 _aP201
526 _aP163
526 _aP162
526 _aP161
526 _aP160
526 _aP148
526 _aP147
526 _aP146
526 _aP145
526 _aP144
526 _aP143
526 _aP142
526 _aP141
526 _aP140
526 _aP139
526 _aP138
526 _aP137
526 _aP136
526 _aP135
526 _aP134
526 _aP133
526 _aP129
526 _aP128
526 _aP127
526 _aP120
526 _aP119
526 _aP118
526 _aP116
526 _aP115
526 _aP114
526 _aP110
526 _aP109
526 _aP108
526 _aP104
526 _aP103
526 _aP102
526 _aP99
526 _aP98
526 _aP97
526 _aP96
526 _aP95
526 _aP93
526 _aP90
526 _aP89
526 _aP88
526 _aP83
526 _aP82
526 _aP62
526 _aP59
526 _aP58
526 _aP57
526 _aP51
526 _aP49
526 _aP48
526 _aP47
526 _aP29
526 _aP24
526 _aP20
526 _aP19
526 _aP17
526 _aP15
526 _aP14
526 _aP12
526 _aP10
526 _aP09
526 _aP08
526 _aP07
526 _aP06
526 _aP05
526 _aP04
526 _aP01
650 1 4 _aAuditoria forense
_94767
650 2 4 _aAuditoría
_xInvestigación.
_94768
942 _2ddc
_cBK
980 _618226
_aJaime Vilcazán Jefe de Análisis Documental
_81
_gALBERTO SANCHEZ Responsable de Automatización
999 _c62732
_d62731